Optimización de volúmenes de carga en camiones para pedidos en una empresa multicanal (retail y venta directa) - Leonisa S.A. (Registro nro. 846957)

Detalles MARC
000 -CABECERA
campo de control de longitud fija 01578nam a2200325uu 4500
001 - NÚMERO DE CONTROL
campo de control 1580081
005 - FECHA Y HORA DE LA ÚLTIMA TRANSACCIÓN
campo de control 20260508094811.0
007 - CAMPO FIJO DE DESCRIPCIÓN FÍSICA--INFORMACIÓN GENERAL
campo de control de longitud fija co|||||||
008 - DATOS DE LONGITUD FIJA--INFORMACIÓN GENERAL
campo de control de longitud fija 230127s2015 spa
035 ## - NÚMERO DE CONTROL DEL SISTEMA
Número de control de sistema 1580081
040 ## - FUENTE DE LA CATALOGACIÓN
Centro/agencia transcriptor comduadb
041 ## - CÓDIGO DE LENGUA
Código de lengua del texto/banda sonora o título independiente spa
082 #4 - NÚMERO DE LA CLASIFICACIÓN DECIMAL DEWEY
Número de clasificación 658
100 10 - ENTRADA PRINCIPAL--NOMBRE DE PERSONA
Nombre de persona Ramírez G., John Alexander
Código de función aut
Término indicativo de función/relación Autor/a
9 (RLIN) 807743
245 10 - TÍTULO PROPIAMENTE DICHO
Título propiamente dicho Optimización de volúmenes de carga en camiones para pedidos en una empresa multicanal (retail y venta directa) - Leonisa S.A.
260 ## - PUBLICACIÓN, DISTRIBUCIÓN, ETC.
Lugar de publicación, distribución, etc. El Carmen de Viboral :
Nombre del editor, distribuidor, etc. Autores (as),
Fecha de publicación, distribución, etc. 2015.
300 ## - DESCRIPCIÓN FÍSICA
Extensión 1 CD-ROM
520 3# - SUMARIO, ETC.
Nota de Sumario, etc. RESUMEN : Este estudio propone una metofdología para optimizar el volumen de carga en camiones para pedidos en una empresa multicanal (retail y venta directa) Colombiana, con dimensiones definidas a los destinos finales de las ciudades de Santa Marta y Sincelejo compartiendo la carga entre los canales de venta directa y retail. A través del algoritmo matemático de búsqueda Greddy, y el uso del software Cube iq 5.0.1.58 se impactó prositivamente el costo de distribución de la carga de ambos canales.
502 ## - NOTA DE TESIS
Tipo de título Tesis (Especialista en Logística Integral).
Nombre de la institución que otorga el título Universidad de Antioquia. Facultad de Ingeniería,
526 ## - NOTA DE INFORMACIÓN SOBRE EL PROGRAMA DE ESTUDIO
Nombre del programa Universidad de Antioquia. Facultad de Ingeniería. Especialización en Logística Integral.
650 ## - PUNTO DE ACCESO ADICIONAL DE MATERIA--TÉRMINO DE MATERIA
Término de materia o nombre geográfico como elemento de entrada Contenedores
9 (RLIN) 5872
650 ## - PUNTO DE ACCESO ADICIONAL DE MATERIA--TÉRMINO DE MATERIA
Término de materia o nombre geográfico como elemento de entrada Optimización
9 (RLIN) 34739
650 #7 - PUNTO DE ACCESO ADICIONAL DE MATERIA--TÉRMINO DE MATERIA
Término de materia o nombre geográfico como elemento de entrada Algoritmos
Fuente del encabezamiento o término lemb
9 (RLIN) 2325
700 10 - ENTRADA AGREGADA--NOMBRE PERSONAL
Nombre de persona Salazar A., Diego Fernando
Código de función aut
Término indicativo de función/relación Autor/a
9 (RLIN) 810797
700 10 - ENTRADA AGREGADA--NOMBRE PERSONAL
Nombre de persona González H., Juan David
Código de función aut
Término indicativo de función/relación Autor/a
9 (RLIN) 807744
700 10 - ENTRADA AGREGADA--NOMBRE PERSONAL
Nombre de persona Pérez M., Diego Fernando
Código de función aut
Término indicativo de función/relación Autor/a
9 (RLIN) 812055
700 10 - ENTRADA AGREGADA--NOMBRE PERSONAL
Nombre de persona Álvarez Uribe, Karla Cristina
Código de función ths
Término indicativo de función/relación Asesor/a de tesis
9 (RLIN) 613462
700 10 - ENTRADA AGREGADA--NOMBRE PERSONAL
Nombre de persona Villada Oquendo, Juan Gabriel
Código de función ths
Término indicativo de función/relación Asesor/a de tesis
9 (RLIN) 707233
942 ## - ELEMENTOS DE ENTRADA AGREGADA (KOHA)
Tipo de ítem Koha Tesis
Existencias
Estado de retiro Estado de pérdida Fuente del sistema de clasificación o colocación Estado dañado No para préstamo Código de colección Localización permanente Ubicación/localización actual Fecha de adquisición Fuente de adquisición Forma de adquisición Coste, precio normal de compra Número de inventario Total de préstamos Signatura topográfica completa Código de barras Fecha visto por última vez Número de copia Precio válido a partir de Tipo de ítem Koha
    Clasificación Decimal Dewey     Colección Digital (Discos Ópticos, DVD) Biblioteca Campus El Carmen de Viboral Biblioteca Campus El Carmen de Viboral 27/01/2023 Material adquirido por donación Donación 10000.00 C13330210   658.53 R177 CD-ROM 0993741 21/01/2025 1 05/05/2023 Digital (CD-ROM, DVD, Blu-Ray, USB)